MARC

LEADER 00000nam0a2200000 4500
001 12056
005 20240111123717.0
035 |a (RuTPU)RU\TPU\book\12131 
035 |a BOOK00012197 
090 |a 12056 
100 |a 20011209d1999 m y0rusy50 ca 
101 0 |a rus 
102 |a RU 
105 |a y j 000zy 
200 1 |a Числовые и функциональные ряды  |e учебное пособие  |f Л. И. Терехина, И. И. Фикс  |g Томский политехнический университет (ТПУ) 
210 |a Томск  |d 1999 
215 |a 35 с. 
606 1 |a Ряды  |x (математика)  |2 stltpush  |3 (RuTPU)RU\TPU\subj\26462  |9 50384 
610 1 |a математика 
610 1 |a математический анализ 
610 1 |a числовые ряды 
610 1 |a функциональные ряды 
610 1 |a учебные пособия 
675 |a 517.52(075.8)  |v 3 
700 1 |a Терехина  |b Л. И.  |c математик  |c доцент Томского политехнического университета, кандидат физико-математических наук  |f 1954-  |g Людмила Ивановна  |3 (RuTPU)RU\TPU\pers\26623  |9 12281 
701 1 |a Фикс  |b И. И.  |c математик  |c доцент Томского политехнического университета, кандидат технических наук  |f 1943-  |g Иван Иванович  |3 (RuTPU)RU\TPU\pers\26624 
712 0 2 |a Томский политехнический университет (ТПУ)  |c (1991-2009)  |3 (RuTPU)RU\TPU\col\376 
801 0 |a RU  |b 63413507  |c 20011209  |g PSBO 
801 2 |a RU  |b 63413507  |c 20201109  |g PSBO 
942 |c BK